[Event "Marburg op-B"]
[Site "Marburg"]
[Date "2023.10.29"]
[Round "6"]
[White "Wagener, Nicolas"]
[Black "Stehning, Michel"]
[Result "1-0"]
[WhiteElo "1427"]
[BlackElo "1631"]
[PlyCount "33"]
[EventDate "2023.10.26"]
[EventType "swiss"]
[EventRounds "7"]
[EventCountry "GER"]
[SourceTitle "CB49_2023"]
[SourceDate "2023.12.06"]
[SourceVersion "1"]
[SourceVersionDate "2023.12.06"]
[SourceQuality "1"]

1. e4 c6 2. Nf3 d5 3. exd5 cxd5 4. Ne5 Nc6 5. d4 Nf6 6. c3 e6 7. Bd3 Bd6 8. f4 0-0 9. 0-0 Qb6 10. Kh1 Nd7 11. Rf3 h6 12. Rg3 Bxe5 13. fxe5 Kh8 14. Bxh6 g6 15. Qh5 gxh5 16. Bg7+ Kg8 17. Bf6# 1-0

[Event "GER-ch U10"]
[Site "Willingen"]
[Date "2023.06.02"]
[Round "9"]
[White "Hoppe, Arthur"]
[Black "Wagener, Nicolas"]
[Result "1-0"]
[WhiteElo "1430"]
[BlackElo "1506"]
[PlyCount "121"]
[EventDate "2023.05.27"]
[EventType "swiss"]
[EventRounds "11"]
[EventCountry "GER"]
[SourceTitle "CBM 214 Extra"]
[Source "ChessBase"]
[SourceDate "2023.07.31"]
[SourceVersion "1"]
[SourceVersionDate "2023.07.31"]
[SourceQuality "1"]

1. d4 d5 2. c4 e6 3. Nf3 Nf6 4. e3 c5 5. Nc3 Nc6 6. cxd5 exd5 7. Bb5 Bd7 8. 0-0 cxd4 9. exd4 Be7 10. Bg5 a6 11. Ba4 b5 12. Bb3 Be6 13. Ne5 Na5 14. Re1 0-0 15. Rc1 Rc8 16. Nd3 Nc4 17. Bxc4 dxc4 18. Nf4 Nd5 19. Bxe7 Nxc3 20. Rxc3 Qxe7 21. d5 Rfd8 22. Qf3 Bxd5 23. Rxe7 Bxf3 24. gxf3 Rd1+ 25. Kg2 Rd2 26. b3 Kf8 27. Re2 Rd4 28. Re4 Rd2 29. a4 Rcd8 30. axb5 axb5 31. bxc4 bxc4 32. Rcxc4 g5 33. Nh3 h6 34. Rc6 R8d6 35. Rxd6 Rxd6 36. f4 g4 37. Ng1 f5 38. Re5 Rf6 39. f3 h5 40. fxg4 hxg4 41. Ne2 Kg7 42. Ng3 Kg6 43. Rxf5 Rxf5 44. Nxf5 Kxf5 45. Kg3 Kg6 46. Kxg4 Kf6 47. f5 Kg7 48. Kg5 Kf7 49. f6 Kg8 50. Kg6 Kh8 51. h4 Kg8 52. f7+ Kf8 53. h5 Ke7 54. Kg7 Ke6 55. f8Q Ke5 56. h6 Ke6 57. h7 Kd7 58. h8Q Ke6 59. Qh5 Kd7 60. Qd5+ Kc7 61. Qfd8# 1-0

[Event "GER-ch U10"]
[Site "Willingen"]
[Date "2023.05.31"]
[Round "6"]
[White "Wagener, Nicolas"]
[Black "Sutharjan, Dakxwin"]
[Result "1-0"]
[WhiteElo "1506"]
[BlackElo "1438"]
[PlyCount "83"]
[EventDate "2023.05.27"]
[EventType "swiss"]
[EventRounds "11"]
[EventCountry "GER"]
[SourceTitle "CBM 214 Extra"]
[Source "ChessBase"]
[SourceDate "2023.07.31"]
[SourceVersion "1"]
[SourceVersionDate "2023.07.31"]
[SourceQuality "1"]

1. e4 d5 2. exd5 Nf6 3. Nc3 Nxd5 4. Bc4 Nxc3 5. Qf3 e6 6. dxc3 Bd6 7. Nh3 0-0 8. Bd3 Qf6 9. Qxf6 gxf6 10. Bh6 Re8 11. g4 Nc6 12. f4 Bf8 13. Bxf8 Rxf8 14. f5 exf5 15. gxf5 Kh8 16. Rg1 Bd7 17. Kd2 Rg8 18. Nf4 Ne5 19. Be4 Bc6 20. Bxc6 bxc6 21. Rxg8+ Rxg8 22. Rf1 Rg5 23. Nd3 Rg2+ 24. Rf2 Rxf2+ 25. Nxf2 Kg7 26. Ke2 Kh6 27. Ne4 Kg7 28. b3 h5 29. h3 Kh6 30. Ke3 c5 31. Kf4 Kg7 32. Nxc5 Kf8 33. Nd3 Nc6 34. Nb4 Ne7 35. Ke4 c5 36. Nd5 Nc6 37. Nxf6 h4 38. Nd7+ Ke7 39. Nxc5 Kd6 40. b4 a5 41. a3 axb4 42. cxb4 1-0

[Event "GER-ch U10"]
[Site "Willingen"]
[Date "2022.06.11"]
[Round "11"]
[White "Wagener, Nicolas"]
[Black "Wetzig, Karl Anton"]
[Result "1-0"]
[WhiteElo "1315"]
[BlackElo "884"]
[PlyCount "113"]
[EventDate "2022.06.04"]
[EventType "swiss"]
[EventRounds "11"]
[EventCountry "GER"]
[SourceTitle "CBM 208 Extra"]
[Source "ChessBase"]
[SourceDate "2022.07.31"]
[SourceVersion "1"]
[SourceVersionDate "2022.07.31"]
[SourceQuality "1"]

1. c4 c5 2. e3 e5 3. a3 Nc6 4. Qc2 Nf6 5. d3 d5 6. cxd5 Nxd5 7. Nf3 Bd6 8. Be2 0-0 9. 0-0 b6 10. Nc3 Be6 11. e4 Nxc3 12. bxc3 Qf6 13. Bg5 Qg6 14. Bh4 Bh3 15. Bg3 Be6 16. d4 cxd4 17. cxd4 Rac8 18. Qd3 Bd7 19. dxe5 Nxe5 20. Nxe5 Bxe5 21. Bxe5 Rcd8 22. Qg3 Qxg3 23. Bxg3 Bc6 24. f3 Rd2 25. Rfe1 Rfd8 26. Rad1 Rxd1 27. Rxd1 Rxd1+ 28. Bxd1 a5 29. Bc7 a4 30. Bxb6 Kf8 31. Kf2 Ke7 32. Ke3 h5 33. Kd4 g5 34. Kc5 Be8 35. Kb4 Ke6 36. Bxa4 Bxa4 37. Kxa4 f5 38. exf5+ Kxf5 39. Be3 g4 40. fxg4+ Kxg4 41. Kb5 Kf5 42. a4 Ke4 43. Bg5 Kd3 44. g3 Ke2 45. h4 Kf3 46. Bf4 Ke4 47. a5 Kd5 48. a6 Ke6 49. a7 Kf5 50. a8Q Kg4 51. Qe4 Kh3 52. Qf3 Kh2 53. g4+ Kg1 54. Qe2 hxg4 55. Bh2+ Kh1 56. Qf2 g3 57. Qg1# 1-0

[Event "GER-ch U10"]
[Site "Willingen"]
[Date "2022.06.09"]
[Round "8"]
[White "Vu, Khoi Nguyen"]
[Black "Wagener, Nicolas"]
[Result "1-0"]
[WhiteElo "1627"]
[BlackElo "1315"]
[PlyCount "121"]
[EventDate "2022.06.04"]
[EventType "swiss"]
[EventRounds "11"]
[EventCountry "GER"]
[SourceTitle "CBM 208 Extra"]
[Source "ChessBase"]
[SourceDate "2022.07.31"]
[SourceVersion "1"]
[SourceVersionDate "2022.07.31"]
[SourceQuality "1"]

1. e4 c5 2. Nf3 e6 3. d4 cxd4 4. Nxd4 a6 5. Nc3 Qc7 6. Bd3 Bc5 7. Nb3 Ba7 8. 0-0 b5 9. Qe2 d6 10. Re1 Nc6 11. Kh1 Bb7 12. Be3 Bxe3 13. Qxe3 Nf6 14. f4 h5 15. h3 h4 16. e5 Nh5 17. Bxb5 d5 18. Bxc6+ Qxc6 19. Na5 d4 20. Nxc6 dxe3 21. Na5 Bc8 22. Rxe3 Nxf4 23. Rf1 Ng6 24. Nc4 0-0 25. Nd6 Rb8 26. b3 Rb6 27. Na4 Rc6 28. c4 Nxe5 29. Nxc8 Nxc4 30. Ne7+ Kh7 31. Re4 g5 32. Nxc6 Nd2 33. Ree1 Nxf1 34. Rxf1 Rc8 35. Rxf7+ Kg6 36. Ne7+ Kxf7 37. Nxc8 Kf6 38. Kg1 Ke5 39. Kf2 Kf4 40. Nc5 e5 41. Ne7 e4 42. Nd5+ Ke5 43. Ne3 a5 44. Nc4+ Kd4 45. Ne6+ Kd5 46. Nxg5 a4 47. bxa4 Kxc4 48. Nxe4 Kb4 49. g4 hxg3+ 50. Kxg3 Kxa4 51. h4 Ka3 52. h5 Kxa2 53. h6 Kb3 54. h7 Kc4 55. h8Q Kd5 56. Kf4 Kc4 57. Qc8+ Kb5 58. Qc5+ Ka6 59. Qb4 Ka7 60. Nc5 Ka8 61. Qb7# 1-0

[Event "GER-ch U10"]
[Site "Willingen"]
[Date "2022.06.07"]
[Round "5"]
[White "Wagener, Nicolas"]
[Black "Fadeev, Justin Michael"]
[Result "0-1"]
[WhiteElo "1315"]
[BlackElo "1320"]
[PlyCount "88"]
[EventDate "2022.06.04"]
[EventType "swiss"]
[EventRounds "11"]
[EventCountry "GER"]
[SourceTitle "CBM 208 Extra"]
[Source "ChessBase"]
[SourceDate "2022.07.31"]
[SourceVersion "1"]
[SourceVersionDate "2022.07.31"]
[SourceQuality "1"]

1. e4 c5 2. Nc3 Nc6 3. Bc4 g6 4. f4 Bg7 5. Nf3 e6 6. 0-0 Nge7 7. d3 0-0 8. Qe1 d5 9. exd5 exd5 10. Bb3 Be6 11. Qh4 h6 12. f5 Nxf5 13. Qe1 a6 14. a3 Qd6 15. Bd2 Rfe8 16. Qc1 Kh7 17. Bf4 Qd7 18. Na4 Qe7 19. Nb6 Rad8 20. c4 dxc4 21. Bxc4 Bxc4 22. dxc4 Ncd4 23. Nd5 Rxd5 24. Re1 Nxf3+ 25. gxf3 Qxe1+ 26. Qxe1 Rxe1+ 27. Rxe1 Rd4 28. Re4 Rxe4 29. fxe4 Nd4 30. Bd6 Nf3+ 31. Kf2 Nd2 32. Bxc5 Nxe4+ 33. Ke3 Nxc5 34. b4 Na4 35. Kd3 f5 36. b5 axb5 37. cxb5 Bb2 38. Kc4 f4 39. Kb3 f3 40. Kxa4 f2 41. Ka5 f1Q 42. a4 Bd4 43. b6 Qc4 44. h4 Qc5# 0-1